L'Aplec de les Remeieres : acte homenatge a les lluites de Josep Anselm Clavé acte homenatge a les lluites de Josep Anselm Clavé
Descripción Física:
1 díptic : il·lustracions en color ; 21 x 15 cm
Idioma:
Catalán
MARC
| LEADER | 00000nam a22000007a 4500 | ||
|---|---|---|---|
| 001 | 29372 | ||
| 003 | AGDB | ||
| 005 | 20260324181548.0 | ||
| 008 | 260213b spa||||| |||| 00| 0 cat d | ||
| 017 | |a B 7336-2025 | ||
| 040 | |a agdb |b cat | ||
| 245 | |a L'Aplec de les Remeieres : |b acte homenatge a les lluites de Josep Anselm Clavé | ||
| 260 | |a Barcelona : |b Diputació de Barcelona. Àrea de Cultura, |c 2025 | ||
| 300 | |a 1 díptic : |b il·lustracions en color ; |c 21 x 15 cm | ||
| 500 | |a Entremès escènic musical celebrat a La Sala - Espai Francesca Bonnemaison, Barcelona, el 31 de març de 2025. | ||
| 650 | 0 | |a Música |2 Arxiu |9 20160 | |
| 650 | 0 | |a Teatre |2 Arxiu |9 20099 | |
| 655 | 0 | |a Fulletons |9 55858 | |
| 710 | 1 | |a Barcelona (Catalunya : Província). |b Àrea de Cultura |9 53536 |e organització | |
| 710 | |a Xamfrà (Firma) |9 73032 |e proposta creativa | ||
| 710 | |a Fundació L'ARC |9 73033 |e proposta creativa | ||
| 942 | |2 udc |c ARXIU |n 1 | ||
| 952 | |0 0 |1 0 |2 udc |4 0 |6 FU7942 |7 1 |9 99141 |a Arxiu |b Arxiu |d 2026-02-13 |l 0 |o FU-79-42 |p 29372 |r 2026-02-13 10:46:15 |w 2026-02-13 |y ARXIU | ||
| 999 | |c 130796 |d 130796 | ||